000 00656nam a22001937a 4500
999 _c61272
_d61272
005 20240123115920.0
008 240123s2020 enk||||| |||| 00| 0 eng d
020 _a9781260441703x
041 _aeng
080 _a004.03 S-70
100 _aSoyinka, Wale
_912353
245 _aLinux Administration:
_bA Beginner's Guide /
_cWale Soyinka.
250 _aEighth Edition
264 _aNew York :
_bMcGraw Hill,
_c2020.
300 _a688 p.:
_bill.;
_c23 cm.
653 _a ქსელის ინფრასტრუქტურა
653 _aკომპიუტერული ტექნოლოგიები
942 _2udc
_cᲬᲘᲒᲜᲘ